000 00293nam a22001337a 4500
008 170620b xxu||||| |||| 00| 0 eng d
020 _a9780691009247
041 _aeng
080 _a321
100 _a20
101 _aSHP
245 _aDEMOCRATIC COMMITMENTS
_cMARTIN.L.L
942 _2udc
_cBK
999 _c18341
_d18341